[Event "1st Schaakweek Apeldoorn"]
[Site "Apeldoorn NED"]
[Date "2018.06.11"]
[Round "5.3"]
[White "Pijpers, Arthur"]
[Black "Warmerdam, Max"]
[Result "0-1"]
[WhiteTitle "IM"]
[BlackTitle "FM"]
[WhiteElo "2479"]
[BlackElo "2370"]
[WhiteFideId "1019554"]
[BlackFideId "1048104"]
[EventDate "2018.06.07"]

1. e4 e5 2. Nf3 Nc6 3. Bb5 a6 4. Ba4 d6 5. O-O Bd7 6. d4 b5 7. Bb3 Nxd4 8. Nxd4
exd4 9. c3 dxc3 10. Qh5 g6 11. Qd5 Be6 12. Qc6+ Bd7 13. Qxc3 Nf6 14. e5 dxe5 15.
Qxe5+ Qe7 16. Qxc7 Rc8 17. Qa5 Bg7 18. Re1 Be6 19. Qxa6 O-O 20. Bd2 Ng4 21. h3
Nxf2 22. Rxe6 fxe6 23. Nc3 Kh8 24. Be3 Qh4 25. Bxe6 Rce8 26. Qd6 Ne4 27. Qd5
Nxc3 28. bxc3 Qe7 29. Bc5 Qxe6 30. Qxe6 Rxe6 31. Bxf8 Bxf8 32. Rb1 Re2 33. Rxb5
Rxa2 34. Rb7 Bc5+ 35. Kh2 Bd6+ 36. Kg1 Bg3 37. Rb1 Rc2 38. Kf1 h5 39. c4 Rxc4
40. Ke2 Rf4 41. Ke3 Rf2 42. Rd1 Kg7 43. Ra1 Kh6 44. Rg1 h4 45. Ke4 Bh2 46. Rh1
Rxg2 47. Kf3 Rc2 48. Rd1 Rc3+ 49. Kg4 Rg3+ 50. Kxh4 g5# 0-1

[Event "1st Schaakweek Apeldoorn"]
[Site "Apeldoorn NED"]
[Date "2018.06.11"]
[Round "5.4"]
[White "Beerdsen, Thomas"]
[Black "Ten Hertog, Hugo"]
[Result "1/2-1/2"]
[WhiteTitle "IM"]
[BlackTitle "IM"]
[WhiteElo "2454"]
[BlackElo "2453"]
[WhiteFideId "1030108"]
[BlackFideId "1026356"]
[EventDate "2018.06.07"]

1. e4 g6 2. d4 Bg7 3. Nf3 d6 4. Bc4 Nf6 5. Qe2 O-O 6. O-O Bg4 7. e5 dxe5 8. dxe5
Nd5 9. Nbd2 Nb6 10. Bd3 Nc6 11. h3 Bf5 12. Bxf5 gxf5 13. e6 h6 14. Nb3 Qd5 15.
Re1 Qxe6 16. Qxe6 fxe6 17. Rxe6 Kf7 18. Nc5 Nd4 19. Ne5+ Kg8 20. Rg6 Kh7 21.
Rxg7+ Kxg7 22. b3 Ne2+ 23. Kf1 Nxc1 24. Rxc1 Rfd8 25. Ne6+ Kf6 26. Nxd8 Rxd8 27.
Nd3 1/2-1/2

[Event "1st Schaakweek Apeldoorn"]
[Site "Apeldoorn NED"]
[Date "2018.06.11"]
[Round "5.5"]
[White "Fier, Alexandr"]
[Black "Ernst, Sipke"]
[Result "1-0"]
[WhiteTitle "GM"]
[BlackTitle "GM"]
[WhiteElo "2576"]
[BlackElo "2555"]
[WhiteFideId "2107139"]
[BlackFideId "1004689"]
[EventDate "2018.06.07"]

1. e4 e5 2. Nf3 Nc6 3. Bb5 a6 4. Ba4 Nf6 5. O-O Be7 6. Re1 b5 7. Bb3 d6 8. c3
O-O 9. d4 Bg4 10. Be3 exd4 11. cxd4 Na5 12. Bc2 c5 13. h3 Bh5 14. g4 Bg6 15.
Nbd2 Re8 16. d5 Nd7 17. Bf4 Bf6 18. Rb1 Nb7 19. Bg3 c4 20. b4 a5 21. bxa5 Qxa5
22. a4 c3 23. Nb3 Qxa4 24. g5 Be7 25. Nfd4 Bxg5 26. Qg4 Nf6 27. Qxg5 Nxe4 28.
Bxe4 Rxe4 29. Rxe4 Bxe4 30. Re1 h6 31. Qe3 Bxd5 32. Qxc3 Qc4 33. Qb2 Qc8 34. Kh2
Qd7 35. Bf4 f6 36. Rg1 Kh8 37. Qd2 g5 38. Be3 Nc5 39. Nxc5 dxc5 40. Nxb5 Rd8 41.
Nc3 Qc7+ 42. Bf4 Bc6 43. Bxc7 Rxd2 44. Bg3 f5 45. Rd1 Rxd1 46. Be5+ Kh7 47. Nxd1
f4 48. Nc3 Kg6 49. Bd6 c4 50. Ne2 Be4 51. Bf8 Bf3 52. Nc3 Bc6 53. Kg1 Bd7 54.
Kg2 Bc6+ 55. Kh2 Bf3 56. Bb4 Kf5 57. Nb5 Bd5 58. Bc3 Kg6 59. Nd6 Be6 60. Ne4 Bd5
61. Nf6 Bc6 62. Ng4 Bd5 63. h4 Be6 64. Nf6 Kf5 65. Kg2 Bc8 66. Kg1 Bb7 67. Kh2
Bf3 68. Kh3 Bc6 69. Ba1 Bf3 70. Kh2 Bc6 71. Ng8 Ke4 72. Nxh6 gxh4 73. Ng4 Kf3
74. Ne5+ Kxf2 75. Nxc6 f3 76. Nd4 Ke3 77. Kg1 h3 78. Nf5+ Kd2 79. Ng3 Kd3 80.
Bf6 c3 81. Kf2 h2 82. Kxf3 Kd2 83. Bg5+ Kd1 84. Nh1 Kc2 85. Kg2 Kd1 86. Kxh2 c2
87. Nf2+ Ke2 88. Kg2 1-0

[Event "1st Schaakweek Apeldoorn"]
[Site "Apeldoorn NED"]
[Date "2018.06.12"]
[Round "6.1"]
[White "Hillarp Persson, Tiger"]
[Black "Ernst, Sipke"]
[Result "1/2-1/2"]
[WhiteTitle "GM"]
[BlackTitle "GM"]
[WhiteElo "2546"]
[BlackElo "2555"]
[WhiteFideId "1700812"]
[BlackFideId "1004689"]
[EventDate "2018.06.07"]

1. Nf3 Nf6 2. c4 e6 3. g3 d5 4. Bg2 dxc4 5. Qa4+ Bd7 6. Qxc4 c5 7. Ne5 Qc8 8.
Qd3 Nc6 9. Nxd7 Nxd7 10. Nc3 Be7 11. O-O O-O 12. Qc2 Nf6 13. Qa4 Nd4 14. e3 Nf5
15. g4 Nd6 16. h3 Rd8 17. b3 Nd7 18. Qf4 Nf8 19. Bb2 Qd7 20. Rad1 Rac8 21. Qf3
Bf6 22. Qe2 c4 23. Ba3 b6 24. Bxd6 Qxd6 25. Nb5 Qe7 26. bxc4 a6 27. Nc3 Bxc3 28.
dxc3 Rxd1 29. Rxd1 Qa3 30. Rb1 Nd7 31. Qd1 Qe7 32. Qd4 g6 33. Rd1 Nc5 34. Qd6
Qc7 35. Qxc7 Rxc7 36. Rb1 Nd7 37. Bf1 Kf8 38. c5 Rxc5 39. Bxa6 Rxc3 40. Bb5 Nc5
41. Bf1 Rc2 42. Rxb6 Rxa2 43. Rb4 f5 44. f3 Ke7 45. gxf5 gxf5 46. Rh4 Nd7 47.
Rxh7+ Kd6 48. Rh4 Ne5 49. Rf4 Ke7 50. Bg2 Ra3 51. Rd4 Rxe3 52. f4 Ng6 53. Kf2
Ra3 54. Bf1 Kf6 55. Rb4 Kg7 56. Rd4 Rb3 57. Ra4 Rc3 58. Rd4 Ra3 59. Rb4 Kh6 60.
Rd4 Kh5 61. Bc4 Rxh3 62. Bxe6 Kg4 63. Bxf5+ Kxf5 64. Ke2 Nh4 65. Ra4 Rb3 66.
Ra5+ Kg4 67. f5 Nxf5 68. Kd2 Ne3 69. Ra4+ Kf5 70. Rh4 Ke5 71. Ra4 Ra3 72. Rxa3
Nc4+ 73. Kc3 Nxa3 1/2-1/2

[Event "1st Schaakweek Apeldoorn"]
[Site "Apeldoorn NED"]
[Date "2018.06.12"]
[Round "6.2"]
[White "Ten Hertog, Hugo"]
[Black "Fier, Alexandr"]
[Result "1-0"]
[WhiteTitle "IM"]
[BlackTitle "GM"]
[WhiteElo "2453"]
[BlackElo "2576"]
[WhiteFideId "1026356"]
[BlackFideId "2107139"]
[EventDate "2018.06.07"]

1. c4 g6 2. Nc3 c5 3. g3 Bg7 4. Bg2 Nc6 5. e3 Nh6 6. Nge2 Nf5 7. a3 O-O 8. Rb1
a5 9. Nb5 e6 10. Nf4 a4 11. O-O d6 12. d3 Nfe7 13. Bd2 e5 14. Ne2 Bg4 15. h3 Be6
16. Nbc3 d5 17. cxd5 Bxd5 18. Nxd5 Nxd5 19. Qc2 b6 20. Nc3 Nxc3 21. bxc3 Qc7 22.
c4 Ra6 23. Bc3 Rd8 24. Rfd1 Ne7 25. Qb2 Nc8 26. f4 Nd6 27. g4 b5 28. fxe5 Nc8
29. Qxb5 Re6 30. d4 Qe7 31. Qxc5 Qg5 32. d5 Rxe5 33. Rb8 Ree8 34. Bxg7 Kxg7 35.
Qd4+ Kg8 36. c5 Rxe3 37. d6 Rb3 38. Ra8 1-0

[Event "1st Schaakweek Apeldoorn"]
[Site "Apeldoorn NED"]
[Date "2018.06.12"]
[Round "6.3"]
[White "Warmerdam, Max"]
[Black "Beerdsen, Thomas"]
[Result "0-1"]
[WhiteTitle "FM"]
[BlackTitle "IM"]
[WhiteElo "2370"]
[BlackElo "2454"]
[WhiteFideId "1048104"]
[BlackFideId "1030108"]
[EventDate "2018.06.07"]

1. d4 f5 2. Bg5 h6 3. Bh4 g5 4. e3 Nf6 5. Bg3 d6 6. Nc3 e6 7. h4 Rg8 8. hxg5
hxg5 9. Bc4 Qe7 10. Qd2 a6 11. a3 b5 12. Ba2 Bb7 13. f3 Nbd7 14. O-O-O Nb6 15.
Nge2 O-O-O 16. Kb1 Nc4 17. Qd3 d5 18. Nc1 Nd7 19. e4 dxe4 20. fxe4 Nc5 21. Qe2
Nxe4 22. Nxe4 Bxe4 23. Bxc4 bxc4 24. Qxc4 f4 25. Bf2 Rd6 26. Nd3 Bxg2 27. Rhe1
Bd5 28. Qc3 Qf6 29. Nb4 Bb7 30. Re5 Qxe5 31. dxe5 Rxd1+ 32. Ka2 Bxb4 33. axb4 g4
34. b3 g3 35. Bb6 Rd7 36. Qc4 Rf8 37. Bc5 g2 38. Qxe6 f3 39. Qh6 Re8 40. Qh5
Rdd8 41. Qf5+ Kb8 42. e6 Rd5 43. Qf7 Bc6 44. Bg1 Re5 45. Bh2 R8xe6 0-1

[Event "1st Schaakweek Apeldoorn"]
[Site "Apeldoorn NED"]
[Date "2018.06.12"]
[Round "6.4"]
[White "Gascon Del Nogal, Jose Rafael"]
[Black "Pijpers, Arthur"]
[Result "0-1"]
[WhiteTitle "IM"]
[BlackTitle "IM"]
[WhiteElo "2470"]
[BlackElo "2479"]
[WhiteFideId "3902463"]
[BlackFideId "1019554"]
[EventDate "2018.06.07"]

1. e4 c5 2. Nf3 d6 3. Bb5+ Bd7 4. Bxd7+ Qxd7 5. O-O Nf6 6. Re1 Nc6 7. c3 e6 8.
d4 cxd4 9. cxd4 d5 10. e5 Ne4 11. a3 Be7 12. Nbd2 Nxd2 13. Bxd2 O-O 14. Rc1 b5
15. Rc3 h6 16. Qc2 Nb8 17. Rc7 Qe8 18. Rc1 Nd7 19. Rb7 Nb6 20. Qc7 Bd8 21. Qc6
Qxc6 22. Rxc6 Nc4 23. Bb4 Re8 24. b3 Na5 25. Bxa5 Bxa5 26. Rxb5 Bb6 27. a4 Rec8
28. Rxc8+ Rxc8 29. Kf1 Rc1+ 30. Ke2 Ra1 31. Kd2 Kf8 32. Kc2 Ke7 33. Kb2 Rf1 34.
a5 Rxf2+ 35. Ka3 Bc7 36. Rb7 Kd7 37. Rxa7 Rxg2 38. b4 Rf2 39. Nh4 Kc6 40. a6 Kb6
41. Rb7+ Kxa6 42. Rxc7 g5 43. Ng6 fxg6 44. Re7 Kb5 45. Rxe6 Rf3+ 46. Kb2 Kxb4
47. Rf6 Rh3 48. Rf2 Kc4 49. Re2 Kd3 50. Re1 Rxh2+ 51. Kb3 Rf2 52. Rd1+ Ke4 53.
Kb4 Rc2 54. e6 Rc8 55. e7 g4 56. Rf1 Re8 57. Kc5 g3 58. Re1+ Kf3 59. Kxd5 Kf2
60. Re6 Rxe7 61. Rf6+ Kg2 62. Rxg6 Rh7 0-1

[Event "1st Schaakweek Apeldoorn"]
[Site "Apeldoorn NED"]
[Date "2018.06.12"]
[Round "6.5"]
[White "Praggnanandhaa, R"]
[Black "Kuipers, Stefan"]
[Result "1-0"]
[WhiteTitle "IM"]
[BlackTitle "IM"]
[WhiteElo "2529"]
[BlackElo "2477"]
[WhiteFideId "25059530"]
[BlackFideId "1018400"]
[EventDate "2018.06.07"]

1. g3 d5 2. Bg2 Nf6 3. d3 c6 4. Nd2 e5 5. e4 Bg4 6. Ngf3 dxe4 7. dxe4 Nbd7 8.
O-O Bc5 9. h3 Bh5 10. Qe1 O-O 11. a4 a5 12. Nc4 Qc7 13. Bd2 b6 14. Nh4 Rfe8 15.
Bc3 Nf8 16. Kh1 N6d7 17. f4 exf4 18. gxf4 Ne6 19. e5 f6 20. Nf5 fxe5 21. fxe5
Bg6 22. Ncd6 1-0

[Event "1st Schaakweek Apeldoorn"]
[Site "Apeldoorn NED"]
[Date "2018.06.13"]
[Round "7.1"]
[White "Kuipers, Stefan"]
[Black "Hillarp Persson, Tiger"]
[Result "0-1"]
[WhiteTitle "IM"]
[BlackTitle "GM"]
[WhiteElo "2477"]
[BlackElo "2546"]
[WhiteFideId "1018400"]
[BlackFideId "1700812"]
[EventDate "2018.06.07"]

1. e4 c5 2. Nf3 d6 3. Nc3 Nc6 4. d4 cxd4 5. Nxd4 Nf6 6. Bg5 e6 7. Qd3 a6 8.
O-O-O Bd7 9. Be2 Rc8 10. Nxc6 Bxc6 11. f4 h6 12. Bh4 Be7 13. Bf3 O-O 14. f5 Qa5
15. Kb1 b5 16. fxe6 fxe6 17. Ne2 Be8 18. Nd4 Bf7 19. e5 dxe5 20. Nc6 Rxc6 21.
Bxc6 Rc8 22. Bxf6 gxf6 23. Qg3+ Kf8 24. Bd7 Rc7 25. Qh3 Qa4 26. b3 Qf4 27. Qd3
e4 28. Qh3 f5 29. g4 Bf6 30. Qg3 Qxg3 31. hxg3 Ke7 32. Rxh6 e3 33. Bxe6 Bxe6 34.
Rh7+ Bf7 35. Re1 Bg5 36. gxf5 Kf6 37. g4 Re7 38. c3 Re4 39. Rh3 Bd5 40. Kc2 Rxg4
41. Rhxe3 Bxe3 42. Rxe3 Be4+ 43. Kb2 Kxf5 44. a4 bxa4 45. bxa4 Bd5 46. Rh3 Rxa4
47. c4 Bb7 48. Rh7 Bc8 49. Kb3 Ra1 50. Rc7 Be6 51. Rc5+ Kf6 52. Kb2 Rh1 53. Rc6
a5 54. Ra6 Rh5 55. Rb6 Ke7 56. Rb5 Rh2+ 57. Ka3 Rh3+ 58. Kb2 a4 59. Ra5 Bd7 60.
Ra6 Rb3+ 61. Ka2 Rc3 62. Rh6 Be6 63. Rh4 Bxc4+ 64. Kb2 Rb3+ 65. Ka2 Bb5 66. Rd4
Ke6 67. Rd2 Ke5 68. Ka1 Bd3 69. Ka2 Kd4 70. Rh2 Kc3 71. Rh3 Rb2+ 72. Ka1 Rb1+
73. Ka2 Rd1 74. Rg3 a3 75. Rh3 Kb4 76. Rh1 Bc4# 0-1

[Event "1st Schaakweek Apeldoorn"]
[Site "Apeldoorn NED"]
[Date "2018.06.13"]
[Round "7.2"]
[White "Pijpers, Arthur"]
[Black "Praggnanandhaa, R"]
[Result "1-0"]
[WhiteTitle "IM"]
[BlackTitle "IM"]
[WhiteElo "2479"]
[BlackElo "2529"]
[WhiteFideId "1019554"]
[BlackFideId "25059530"]
[EventDate "2018.06.07"]

1. e4 c5 2. Nf3 e6 3. d4 cxd4 4. Nxd4 a6 5. Nc3 b5 6. Bd3 Ne7 7. O-O Nec6 8.
Nxc6 Nxc6 9. Be3 Bb7 10. f4 Be7 11. Qg4 O-O 12. e5 d6 13. Rad1 Qb8 14. exd6 f5
15. Qh3 Bxd6 16. Ne4 Be7 17. Nc5 Bxc5 18. Bxc5 Rf6 19. Qe3 Rg6 20. g3 Qc8 21.
Be2 Na5 22. b3 Be4 23. Bb6 Nc6 24. Rd6 Qb7 25. Rfd1 Rc8 26. Rd7 Qb8 27. R1d6 h6
28. c4 bxc4 29. Bxc4 Nb4 30. Rxe6 Rxe6 31. Bxe6+ Kh7 32. Bc5 Nc2 33. Qc3 Rg8 34.
Qe5 Qa8 35. Kf2 a5 36. g4 Nb4 37. Kg3 Nd3 38. Bxf5+ Kh8 39. Rxd3 Bxd3 40. Bxd3
Qh1 41. Qf5 Qe1+ 42. Bf2 1-0

[Event "1st Schaakweek Apeldoorn"]
[Site "Apeldoorn NED"]
[Date "2018.06.13"]
[Round "7.3"]
[White "Beerdsen, Thomas"]
[Black "Gascon Del Nogal, Jose Rafael"]
[Result "1/2-1/2"]
[WhiteTitle "IM"]
[BlackTitle "IM"]
[WhiteElo "2454"]
[BlackElo "2470"]
[WhiteFideId "1030108"]
[BlackFideId "3902463"]
[EventDate "2018.06.07"]

1. e4 e5 2. Nf3 Nc6 3. d4 exd4 4. Nxd4 Bc5 5. Be3 Bxd4 6. Bxd4 Nf6 7. Nc3 O-O 8.
Bxf6 Qxf6 9. Qd2 d5 10. O-O-O dxe4 11. Nxe4 Qe7 12. Qf4 a5 13. a3 a4 14. Bb5 Nd8
15. Rhe1 Ne6 16. Qg3 Ra5 17. Bc4 Rf5 18. Bd3 Nf4 19. Kb1 Nxd3 20. Qxd3 Be6 21.
f3 Re5 22. f4 Rd5 23. Qe2 Rxd1+ 24. Qxd1 Rd8 25. Qe2 h6 26. Nc3 Qc5 27. g3 Rd4
28. Qe5 Qxe5 29. Rxe5 Rd2 30. Re2 Rxe2 31. Nxe2 Kh7 32. Kc1 Kg6 33. Kd2 Kf5 34.
Ke3 Kg4 35. Kf2 Bf5 36. c3 Kh3 37. Kg1 c5 38. c4 Bd7 39. Nc3 Bc6 40. Nd1 Kg4 41.
Kf2 Kf5 42. Ke3 g5 43. fxg5 hxg5 44. Nf2 b6 45. Nd1 Ke5 46. Nf2 Bd7 47. Nd3+ Kf5
48. Nf2 Be6 49. Ne4 Kg4 50. Nf2+ Kh5 51. Kd3 f5 52. Kc3 Bg8 53. Kd3 Bf7 54. Kc3
Kg6 55. Kd3 Kf6 56. Kc3 Ke5 57. Kd3 f4 58. Ng4+ Kd6 59. gxf4 gxf4 60. Ke4 Bxc4
61. Kxf4 b5 62. Ke3 b4 63. Kd2 Be6 64. Ne3 Ke5 65. Nc2 Bf5 66. axb4 Bxc2 67.
Kxc2 cxb4 68. Kd3 a3 69. bxa3 bxa3 70. Kc2 Kf4 71. Kb3 Kg4 72. h4 a2 73. Kb2 Kh5
74. Kxa2 Kxh4 1/2-1/2

[Event "1st Schaakweek Apeldoorn"]
[Site "Apeldoorn NED"]
[Date "2018.06.13"]
[Round "7.4"]
[White "Fier, Alexandr"]
[Black "Warmerdam, Max"]
[Result "1-0"]
[WhiteTitle "GM"]
[BlackTitle "FM"]
[WhiteElo "2576"]
[BlackElo "2370"]
[WhiteFideId "2107139"]
[BlackFideId "1048104"]
[EventDate "2018.06.07"]

1. e4 c5 2. Nf3 d6 3. d4 cxd4 4. Nxd4 Nf6 5. Nc3 Nc6 6. Bg5 e6 7. Qd2 a6 8.
O-O-O Bd7 9. f4 Be7 10. Nf3 b5 11. Bxf6 gxf6 12. f5 Qb6 13. Kb1 O-O-O 14. g3 Kb8
15. Bh3 b4 16. Ne2 e5 17. g4 h6 18. Ng3 Na5 19. Bf1 Bc6 20. Bd3 d5 21. exd5 Rxd5
22. Qe2 Rhd8 23. Rhe1 Nb7 24. Nd2 Nc5 25. Bc4 Rd4 26. Nb3 Rxd1+ 27. Rxd1 Rxd1+
28. Qxd1 Ne4 29. Nxe4 Bxe4 30. Qd7 Qg1+ 31. Nc1 Bc5 32. Qe8+ Kc7 33. Qxf7+ Kb8
34. Qxf6 Be3 35. Qd6+ Ka7 36. Qxa6+ Kb8 37. Qb5+ Kc8 38. Bf1 Bg2 39. Qe8+ Kc7
40. Qxe5+ Kd8 41. Qd6+ Kc8 42. Ba6+ Bb7 43. Bxb7+ Kxb7 44. Qxb4+ Kc7 45. Qc4+
Kb7 46. a4 Bxc1 47. Qe4+ Ka7 48. Ka2 Qb6 49. Qe7+ Ka8 50. Qe5 Qc6 51. f6 Qc4+
52. Kb1 Bg5 53. Qe8+ Ka7 54. Qd7+ Ka8 55. f7 Qf1+ 56. Ka2 Qc4+ 57. Ka3 Qc5+ 58.
Kb3 Be7 59. c3 Qb6+ 60. Ka2 1-0

[Event "1st Schaakweek Apeldoorn"]
[Site "Apeldoorn NED"]
[Date "2018.06.13"]
[Round "7.5"]
[White "Ernst, Sipke"]
[Black "Ten Hertog, Hugo"]
[Result "1-0"]
[WhiteTitle "GM"]
[BlackTitle "IM"]
[WhiteElo "2555"]
[BlackElo "2453"]
[WhiteFideId "1004689"]
[BlackFideId "1026356"]
[EventDate "2018.06.07"]

1. d4 g6 2. c4 Bg7 3. Nc3 d6 4. e4 Nf6 5. Nf3 O-O 6. Be2 e5 7. O-O Nbd7 8. Be3
h6 9. dxe5 dxe5 10. b4 Qe7 11. Nd5 Nxd5 12. cxd5 Qxb4 13. Nd2 c6 14. dxc6 bxc6
15. Rb1 Qe7 16. Qc2 c5 17. Bb5 Rb8 18. Rfc1 Rd8 19. Qc3 a6 20. Be2 Rxb1 21. Rxb1
Nf8 22. Qa5 Ne6 23. Rb8 Bf6 24. Bc4 Kg7 25. Bd5 Qc7 26. Rb6 Bg5 27. Bxg5 hxg5
28. Nc4 Bb7 29. Qd2 Bxd5 30. exd5 Nf4 31. d6 Qd7 32. g3 Rh8 33. Nxe5 Nh3+ 34.
Kf1 Qf5 35. Qb2 Kh7 36. Rb7 Rf8 37. d7 Rd8 38. Qe2 c4 39. Kg2 c3 40. f3 c2 41.
Rc7 g4 42. fxg4 Qe6 43. Kxh3 f6 44. Qxc2 fxe5 45. Qe4 Kg7 46. a4 Qd6 47. Rc8
Rxd7 48. Rc6 Qd3 49. Rxg6+ Kf7 50. Qf5+ 1-0

[Event "1st Schaakweek Apeldoorn"]
[Site "Apeldoorn NED"]
[Date "2018.06.14"]
[Round "8.1"]
[White "Hillarp Persson, Tiger"]
[Black "Ten Hertog, Hugo"]
[Result "1/2-1/2"]
[WhiteTitle "GM"]
[BlackTitle "IM"]
[WhiteElo "2546"]
[BlackElo "2453"]
[WhiteFideId "1700812"]
[BlackFideId "1026356"]
[EventDate "2018.06.07"]

1. d4 g6 2. e4 Bg7 3. c4 e6 4. Nc3 Ne7 5. d5 d6 6. Nf3 O-O 7. Be2 Na6 8. O-O Nc5
9. Nd4 f5 10. exf5 Nxf5 11. Nc2 a5 12. Rb1 Qe7 13. Ne3 Nd4 14. dxe6 Nxe2+ 15.
Nxe2 Qxe6 16. b3 Qe4 17. Rb2 Nd3 18. Ng3 Nxb2 19. Bxb2 Qe7 20. Nd5 Qf7 21. Bxg7
Qxg7 22. Re1 Bf5 23. Ne7+ Kh8 24. Nexf5 gxf5 25. Nh5 Qc3 26. Re3 Qb2 27. Re2 Qc3
28. Re3 Qb2 29. Re2 Qc3 1/2-1/2

[Event "1st Schaakweek Apeldoorn"]
[Site "Apeldoorn NED"]
[Date "2018.06.14"]
[Round "8.2"]
[White "Warmerdam, Max"]
[Black "Ernst, Sipke"]
[Result "1-0"]
[WhiteTitle "FM"]
[BlackTitle "GM"]
[WhiteElo "2370"]
[BlackElo "2555"]
[WhiteFideId "1048104"]
[BlackFideId "1004689"]
[EventDate "2018.06.07"]

1. e4 e5 2. Nf3 Nc6 3. Bb5 a6 4. Ba4 Nf6 5. O-O Be7 6. Re1 b5 7. Bb3 d6 8. c3
O-O 9. h3 Bb7 10. d4 Re8 11. Ng5 Rf8 12. Nf3 Qd7 13. Nbd2 Rae8 14. Nf1 exd4 15.
cxd4 Na5 16. Bc2 d5 17. Ne5 Qd8 18. exd5 Nxd5 19. Ng3 Nc4 20. Bh6 Nd6 21. Qg4 g6
22. Bxg6 Kh8 23. Bxh7 Rg8 24. Bxg8 Rxg8 25. Qh5 Nf6 26. Qxf7 1-0

[Event "1st Schaakweek Apeldoorn"]
[Site "Apeldoorn NED"]
[Date "2018.06.14"]
[Round "8.3"]
[White "Gascon Del Nogal, Jose Rafael"]
[Black "Fier, Alexandr"]
[Result "1/2-1/2"]
[WhiteTitle "IM"]
[BlackTitle "GM"]
[WhiteElo "2470"]
[BlackElo "2576"]
[WhiteFideId "3902463"]
[BlackFideId "2107139"]
[EventDate "2018.06.07"]

1. d4 Nf6 2. c4 e6 3. Nc3 Bb4 4. Qc2 O-O 5. Nf3 d5 6. Bg5 dxc4 7. e4 h6 8. Bh4
g5 9. Bg3 g4 10. Nd2 Nc6 11. Rd1 Nxd4 12. Qc1 b5 13. Nxc4 bxc4 14. Be5 Bc5 15.
Qxh6 Nc2+ 16. Ke2 Nd4+ 17. Ke1 Nc2+ 18. Ke2 Nd4+ 19. Ke1 Nc2+ 20. Ke2 1/2-1/2

[Event "1st Schaakweek Apeldoorn"]
[Site "Apeldoorn NED"]
[Date "2018.06.14"]
[Round "8.4"]
[White "Praggnanandhaa, R"]
[Black "Beerdsen, Thomas"]
[Result "1-0"]
[WhiteTitle "IM"]
[BlackTitle "IM"]
[WhiteElo "2529"]
[BlackElo "2454"]
[WhiteFideId "25059530"]
[BlackFideId "1030108"]
[EventDate "2018.06.07"]

1. Nf3 f5 2. d3 Nf6 3. e4 d6 4. exf5 Bxf5 5. d4 Qd7 6. Bd3 Nc6 7. O-O e5 8. Bxf5
Qxf5 9. c4 e4 10. Ne1 d5 11. c5 Be7 12. Nc2 O-O 13. Nc3 Rf7 14. f3 Qd7 15. fxe4
dxe4 16. Be3 Raf8 17. Qe2 Ng4 18. Rxf7 Rxf7 19. h3 Nf6 20. Rd1 Nd5 21. Nxe4 Bh4
22. Bg5 Bxg5 23. Nxg5 Re7 24. Qd3 g6 25. Rf1 Qe8 26. Qf3 Rd7 27. Ne6 Qf7 28. Qe2
Qe7 29. Rf8+ Qxf8 30. Nxf8 Kxf8 31. Qb5 Nf4 32. Qxb7 Ne2+ 33. Kh2 Ncxd4 34. Nxd4
Nxd4 35. c6 Re7 36. Qxa7 Nf5 37. a4 h5 38. h4 Nh6 39. a5 Re3 40. Qb8+ Kf7 41.
Qxc7+ Ke6 42. Qd7+ Ke5 43. Qg7+ 1-0

[Event "1st Schaakweek Apeldoorn"]
[Site "Apeldoorn NED"]
[Date "2018.06.14"]
[Round "8.5"]
[White "Kuipers, Stefan"]
[Black "Pijpers, Arthur"]
[Result "1-0"]
[WhiteTitle "IM"]
[BlackTitle "IM"]
[WhiteElo "2477"]
[BlackElo "2479"]
[WhiteFideId "1018400"]
[BlackFideId "1019554"]
[EventDate "2018.06.07"]

1. e4 c5 2. Nf3 d6 3. Nc3 Nc6 4. d4 cxd4 5. Nxd4 g6 6. Be3 Bg7 7. Qd2 Nf6 8. f3
O-O 9. O-O-O d5 10. Nxc6 bxc6 11. Bh6 Bxh6 12. Qxh6 Qd6 13. exd5 cxd5 14. Qg5
Rb8 15. Nxd5 Nxd5 16. Qxd5 Qf4+ 17. Kb1 Bf5 18. Bc4 Qc7 19. Bb3 a5 20. Rd4 Be6
21. Qg5 Rfc8 22. Qd2 Qb6 23. g4 Bc4 24. Qf4 e5 25. Qxe5 Bxb3 26. axb3 Qc6 27.
Qe4 Qb6 28. Rhd1 Re8 29. Qd3 Rbc8 30. h4 Qf6 31. h5 gxh5 32. gxh5 Rc5 33. Rd5
Rxd5 34. Qxd5 h6 35. Rg1+ Kh7 36. Qxa5 Qd4 37. Re1 Rd8 38. Qf5+ Kh8 39. Qe5+ 1-0

[Event "1st Schaakweek Apeldoorn"]
[Site "Apeldoorn NED"]
[Date "2018.06.15"]
[Round "9.1"]
[White "Pijpers, Arthur"]
[Black "Hillarp Persson, Tiger"]
[Result "0-1"]
[WhiteTitle "IM"]
[BlackTitle "GM"]
[WhiteElo "2479"]
[BlackElo "2546"]
[WhiteFideId "1019554"]
[BlackFideId "1700812"]
[EventDate "2018.06.07"]

1. e4 g6 2. d4 Bg7 3. Nc3 d6 4. Be3 a6 5. Qd2 b5 6. O-O-O Bb7 7. f3 Nd7 8. g4 h6
9. h4 Ngf6 10. Nh3 Nb6 11. d5 b4 12. Nb1 Nfxd5 13. exd5 Nxd5 14. Bc4 Nxe3 15.
Qxe3 e6 16. Bxe6 Qe7 17. Nf4 fxe6 18. Nxg6 Qf6 19. Nxh8 Qxb2+ 20. Kd2 Qf6 21. g5
Qf5 22. Qd3 Bxh8 23. Qxf5 exf5 24. Ke3 Kf7 25. Rhg1 hxg5 26. hxg5 Kg6 27. Kf2 a5
28. Rh1 Be5 29. Rh6+ Kxg5 30. Rdh1 Bd4+ 31. Kg3 Be5+ 32. Kf2 Bg7 33. R1h5+ Kf4
34. Rh4+ Ke5 35. Rg6 Rh8 36. Rc4 Bh6 37. Rxc7 Bd5 38. c4 Ba8 39. Ra7 Bc1 40.
Rxa5+ Kf4 41. Re6 Bxf3 42. Rxf5+ Kxf5 43. Rxd6 Bf4 44. Rd7 Bc6 45. Rf7+ Kg4 46.
Rg7+ Kf5 47. Rf7+ Ke4 48. Rf6 Rh2+ 0-1

[Event "1st Schaakweek Apeldoorn"]
[Site "Apeldoorn NED"]
[Date "2018.06.15"]
[Round "9.2"]
[White "Beerdsen, Thomas"]
[Black "Kuipers, Stefan"]
[Result "0-1"]
[WhiteTitle "IM"]
[BlackTitle "IM"]
[WhiteElo "2454"]
[BlackElo "2477"]
[WhiteFideId "1030108"]
[BlackFideId "1018400"]
[EventDate "2018.06.07"]

1. e4 e6 2. d4 d5 3. Nc3 Nf6 4. Bg5 dxe4 5. Nxe4 Be7 6. Nxf6+ Bxf6 7. Bxf6 Qxf6
8. Nf3 O-O 9. Qd3 c5 10. O-O-O cxd4 11. Qxd4 Qxd4 12. Rxd4 Nc6 13. Rd6 Rd8 14.
Rxd8+ Nxd8 15. Bd3 Bd7 16. Ne5 Be8 17. Rd1 Kf8 18. f4 Ke7 19. h4 h6 20. g4 Nc6
21. Be4 Rc8 22. Nf3 Rd8 23. Rxd8 Nxd8 24. Kd2 Bc6 25. Ke3 Bxe4 26. Kxe4 Nc6 27.
a3 Kd6 28. h5 Ne7 29. Nd4 Ng8 30. g5 f6 31. c4 fxg5 32. fxg5 hxg5 33. c5+ Kxc5
34. Nxe6+ Kc4 35. Nxg7 Nf6+ 36. Ke5 Nxh5 37. Nxh5 Kb3 38. Kd5 Kxb2 39. a4 Kb3
40. a5 Kb4 41. Ng3 Kxa5 42. Kc5 g4 43. Kd4 0-1

[Event "1st Schaakweek Apeldoorn"]
[Site "Apeldoorn NED"]
[Date "2018.06.15"]
[Round "9.3"]
[White "Fier, Alexandr"]
[Black "Praggnanandhaa, R"]
[Result "1-0"]
[WhiteTitle "GM"]
[BlackTitle "IM"]
[WhiteElo "2576"]
[BlackElo "2529"]
[WhiteFideId "2107139"]
[BlackFideId "25059530"]
[EventDate "2018.06.07"]

1. e4 e5 2. Nf3 Nc6 3. Bb5 a6 4. Ba4 Nf6 5. O-O b5 6. Bb3 Bb7 7. d3 Be7 8. a3
O-O 9. Nc3 Nd4 10. Ba2 Nxf3+ 11. Qxf3 d6 12. Ne2 Bc8 13. Ng3 Be6 14. Nf5 Qd7 15.
Bg5 Bxf5 16. exf5 c6 17. Rfe1 Rae8 18. g4 e4 19. Qg2 exd3 20. cxd3 d5 21. Be3
Bd6 22. Rac1 Rc8 23. Qf3 Ne8 24. Rc2 Be7 25. Rce2 Nd6 26. Bd4 Bg5 27. Qg3 c5 28.
Be5 Nb7 29. d4 c4 30. f4 Bd8 31. g5 Nd6 32. f6 Ne4 33. Qh4 gxf6 34. gxf6 Kh8 35.
Rg2 Qf5 36. Qh6 Bxf6 37. Rxe4 Bxe5 38. Rxe5 1-0